The big bad cold / (Record no. 4688)
[ view plain ]
| 000 -LEADER | |
|---|---|
| fixed length control field | 01244cam a22003617a 4500 |
| 001 - CONTROL NUMBER | |
| control field | 4688 |
| 003 - CONTROL NUMBER IDENTIFIER | |
| control field | FISKH |
| 005 - DATE AND TIME OF LATEST TRANSACTION | |
| control field | 20240920151210.0 |
| 008 - FIXED-LENGTH DATA ELEMENTS--GENERAL INFORMATION | |
| fixed length control field | 030610s2002 nyua j 000 1 eng d |
| 010 ## - LIBRARY OF CONGRESS CONTROL NUMBER | |
| LC control number | 2003274276 |
| 020 ## - INTERNATIONAL STANDARD BOOK NUMBER | |
| International Standard Book Number | 0439389895 |
| 035 ## - SYSTEM CONTROL NUMBER | |
| System control number | (OCoLC)ocm52403668 |
| 040 ## - CATALOGING SOURCE | |
| Original cataloging agency | MGI |
| Transcribing agency | MGI |
| Modifying agency | DLC |
| 050 ## - LIBRARY OF CONGRESS CALL NUMBER | |
| Classification number | PZ7.M639795 |
| 082 ## - DEWEY DECIMAL CLASSIFICATION NUMBER | |
| Classification number | 813.54 |
| 100 1# - MAIN ENTRY--PERSONAL NAME | |
| Personal name | Mills, J. Elizabeth. |
| 245 14 - TITLE STATEMENT | |
| Title | The big bad cold / |
| Statement of responsibility, etc. | adapted by Liz Mills from the television script "Get Well" by Don Gilles ; illustrated by Carolyn Bracken & Ken Edwards. |
| 260 ## - PUBLICATION, DISTRIBUTION, ETC. | |
| Place of publication, distribution, etc. | New York : |
| Name of publisher, distributor, etc. | Scholastic, |
| Date of publication, distribution, etc. | 2002. |
| 300 ## - PHYSICAL DESCRIPTION | |
| Extent | 32 unnumbered pages pages : |
| Other physical details | color illustrations ; |
| Dimensions | 23 cm |
| 440 #0 - SERIES STATEMENT/ADDED ENTRY--TITLE | |
| Title | Big red reader |
| 490 1# - SERIES STATEMENT | |
| Series statement | Scholastic Clifford the big red dog |
| 500 ## - GENERAL NOTE | |
| General note | "Based on the Scholastic book series 'Clifford the Big Red Dog' by Norman Bridwell." |
| 505 ## - FORMATTED CONTENTS NOTE | |
| Formatted contents note | I<br/> |
| 520 ## - SUMMARY, ETC. | |
| Summary, etc. | Emily Elizabeth has a bad cold. How sill Clifford and his friends cheer her up? |
| 521 0# - TARGET AUDIENCE NOTE | |
| Target audience note | 450<br/> |
| Source | Lexile<br/> |
| 521 1# - TARGET AUDIENCE NOTE | |
| Target audience note | I<br/> |
| Source | Raz-Plus <br/> |
| 650 #1 - SUBJECT ADDED ENTRY--TOPICAL TERM | |
| Topical term or geographic name entry element | Dogs |
| Form subdivision | Fiction. |
| 650 #1 - SUBJECT ADDED ENTRY--TOPICAL TERM | |
| Topical term or geographic name entry element | Sick |
| Form subdivision | Fiction. |
| 700 1# - ADDED ENTRY--PERSONAL NAME | |
| Personal name | Edwards, Ken, |
| Dates associated with a name | 1965- |
| Relator term | illustrator |
| 906 ## - LOCAL DATA ELEMENT F, LDF (RLIN) | |
| a | 7 |
| b | cbc |
| c | copycat |
| d | 3 |
| e | ncip |
| f | 20 |
| g | y-gencatlg |
| 942 ## - ADDED ENTRY ELEMENTS (KOHA) | |
| Source of classification or shelving scheme | Dewey Decimal Classification |
| Koha item type | Books |
| Suppress in OPAC | No |
| Withdrawn status | Lost status | Source of classification or shelving scheme | Damaged status | Not for loan | Collection | Home library | Current library | Shelving location | Date acquired | Total Checkouts | Full call number | Barcode | Date last seen | Price effective from | Koha item type |
|---|---|---|---|---|---|---|---|---|---|---|---|---|---|---|---|
| Dewey Decimal Classification | Juvenile Fiction | Footprints International School Library Network Toul Kork Campus | Footprints International School Library Network Toul Kork Campus | TK Primary Library Room(4th Floor), Bookcase 1&2, Shelves 1-16, Dark Blue Books | 09/20/2024 | MIL 813.54 PZ7.M639795 | FISBK01661 | 09/20/2024 | 09/20/2024 | Books |
